| 000 | 00601nam a2200193Ia 4500 | ||
|---|---|---|---|
| 005 | 20250508161742.0 | ||
| 008 | 008 250505s9999 xx 000 0 eng d | ||
| 037 | _aBooks to be hide in OPAC | ||
| 040 |
_aFEDL _beng _cFEDL |
||
| 041 |
_aeng _2eng |
||
| 084 |
_a155.5, NAN/O _qFEDL |
||
| 100 | _aNanda Anant | ||
| 245 | 0 | _aPsychological needs of adolescent girls and their bearing on individual adjustment | |
| 260 |
_aDelhi, India _bCentral Institute of Education _c1961 |
||
| 300 | _a72p | ||
| 650 | _aChild psychology | ||
| 942 |
_cHB _h155.5, NAN/O |
||
| 999 |
_c1371904 _d1371904 |
||